000 00249nam a2200109Ia 4500
008 200302s9999 xx 000 0 und d
100 _aNrc
245 _aResidential Standards Canada
260 _bPrinted in Canada
260 _c1977
300 _a208 P.,
999 _c552
_d552